000 01023nam a2200277 a 4500
001 000042979
005 20201002040539.0
008 140214s1988 sp 001 0 spa d
020 _a8430915788
040 _aDO-SdBNP
_bspa
_cBNPHU
082 _a347.44
_bE77c, 1988
110 1 _aEspaña
_94524
240 1 0 _aCódigo civil, 1988
245 1 0 _aCódigo civil /
_cedición preparada por César Sempere Rodríguez ; bajo la dirección de Rodrigo Bercovitz Rodríguez-Cano.
250 _a7a. ed. rev.
260 _aMadrid :
_bTecnos,
_c1988.
300 _a689 p. ;
_c17 cm.
490 1 _aBiblioteca de textos legales
_v1
500 _aIncluye referencias bibliográficas y notas al pie de las páginas
650 4 _aDerecho civil
_xLegislación
_zEspaña
_94526
650 4 _aProcedimiento civil
_xLegislación
_zEspaña
_970472
650 4 _aLeyes
_zEspaña
_931523
700 1 2 _aSempere Rodríguez, César
_eed.
_970473
830 0 _aBiblioteca de textos legales ;
_n1
_970474
910 _aValidado. Control de calidad MFF
999 _c42468
_d42468